Databázová podpora v systéme ELCAD.

Pojem bázy dát v systéme ELCAD (kmeňová a projekčná). Spracovanie kmeňovej bázy dát v systéme ELCAD verzia 2.5. Spracovanie banky dát. Výber z bázy dát pomocou vyhľadávacieho stromu. Filter pre prácu s kmeňovou bázou dát a práca s ňou v systéme ELCAD.

Gespeichert in:
Bibliographische Detailangaben
1. Verfasser: Košík, J.
Format: Buchkapitel
Sprache:Slowakisch
Schlagworte:
Tags: Tag hinzufügen
Keine Tags, Fügen Sie das erste Tag hinzu!

MARC

LEADER 00000naa a2200000 4500
001 r003221
005 20220819180726.3
041 0 |a slo 
044 |a [CS] 
245 1 0 |a Databázová podpora v systéme ELCAD.  |c J. Košík 
520 |a Pojem bázy dát v systéme ELCAD (kmeňová a projekčná). Spracovanie kmeňovej bázy dát v systéme ELCAD verzia 2.5. Spracovanie banky dát. Výber z bázy dát pomocou vyhľadávacieho stromu. Filter pre prácu s kmeňovou bázou dát a práca s ňou v systéme ELCAD. 
610 2 0 |a ELCAD 
610 2 0 |a CAD 
610 2 0 |a báza dát 
610 2 0 |a spracovanie dát 
610 2 0 |a banky dát 
100 1 |a Košík, J.